[Event "Top 12 FRA-chT 2017"]
[Site "Chartres"]
[Date "2017.05.21"]
[Round "4"]
[White "Maze, Sebastien"]
[Black "Tregubov, Pavel V"]
[Result "1/2-1/2"]
[WhiteElo "2619"]
[BlackElo "2584"]
[Annotator "TA"]
[PlyCount "95"]
[EventDate "2017.??.??"]
[EventType "team-tourn"]
[EventCountry "FRA"]
[SourceTitle "playchess.com"]
[Source "ChessBase"]
[SourceQuality "1"]
[WhiteTeam "Bischwiller"]
[BlackTeam "Clichy"]

{[%evp 9,95,21,23,0,7,2,18,-6,-10,-16,12,0,37,0,0,0,0,0,0,0,0,0,0,0,0,0,0,0,0,-23,-23,-76,-9,-89,5,0,24,24,52,52,80,64,58,69,75,60,66,81,72,13,20,12,13,0,13,0,8,0,0,0,7,0,0,0,0,0,0,0,0,0,0,0,0,0,0,0,-2,-4,-6,-7,0,-15,0,0,0,0,0,-120]} 1. d4 d5 2. Nf3 c6 3. Bf4 Bf5 4. e3 e6 5. c4 Bd6 6. Bg3 {D02: 1 d4 d5 2 Nf3 sidelines, including 2...Nf6 3 g3 and 2...Nf6 3 Bf4} Nf6 7. Nc3 O-O 8. Qb3 Bxg3 9. hxg3 Qb6 10. Nh4 Be4 $146 ({Predecessor:} 10... Qxb3 11. axb3 Bc2 12. Ra3 h6 13. Kd2 {0-1 (53) Vallejo Pons,F (2674)-Li,S (2510) Khanty-Mansiysk 2005}) 11. c5 Qc7 12. f3 Bg6 13. g4 Nbd7 14. O-O-O e5 15. Nxg6 fxg6 16. Kb1 exd4 17. exd4 Rfe8 18. Bd3 Nf8 19. Ne4 Re7 20. Bc2 (20. Nc3 $11 {remains equal.}) 20... b6 (20... Ne6 $17 21. Nxf6+ gxf6) 21. g5 {[#]} (21. Nxf6+ $1 $11 {was the only way to keep the balance.} gxf6 22. Qc3) 21... N6d7 (21... Nh5 $1 $17 {aiming for ...Rb8.} 22. Nd6 Ne6) 22. Nc3 $36 {[%mdl 2048] Nxd5! is the strong threat. White fights for an advantage.} Rae8 23. Be4 {And now Bxd5+! would win.} bxc5 {[#]} 24. Bxd5+ $1 {[%mdl 512]} Kh8 {White must now prevent ...cxd4.} (24... cxd5 25. Nxd5) 25. Be4 {Strongly threatening d5.} cxd4 26. Rxd4 Qe5 27. Qd1 Qxg5 28. Bxc6 Rb8 29. Bxd7 ({White should try} 29. Qd2 $16 Qc5 30. Bd5 (30. Rxd7 Nxd7 31. Bxd7 Rd8 $17) (30. Bxd7 Rxd7 31. Rxd7 Nxd7 $14)) 29... Rxd7 {The position is equal.} 30. Rxd7 Nxd7 31. Qe2 Nf6 32. Rd1 h6 33. Qd2 Qa5 34. Qd4 Kh7 35. Qd3 Rb7 36. Qc2 Qc5 37. Nd5 Qd6 38. Nc3 (38. Ne3 $5 {[%cal Rd1d6]} Qg3 39. Rd8 $11) 38... Qc5 39. Qd3 Rd7 40. Qe2 Re7 41. Qd2 Rd7 42. Qc1 Qf5+ 43. Ka1 Rxd1 44. Qxd1 h5 45. a4 g5 {[%cal Bg6g5,Bg5g4][%mdl 32]} 46. Nb5 g4 47. Nd4 Qd7 48. Qc2+ {Precision: White = 36%, Black = 57%.} (48. fxg4 $11 Nxg4 49. b3) 1/2-1/2

[Event "Top 12 FRA-chT 2017"]
[Site "Chartres"]
[Date "2017.05.21"]
[Round "4"]
[White "Lagarde, Maxime"]
[Black "Godart, Francois"]
[Result "1/2-1/2"]
[WhiteElo "2601"]
[BlackElo "2404"]
[Annotator "TA"]
[PlyCount "148"]
[EventDate "2017.??.??"]
[EventType "team-tourn"]
[EventCountry "FRA"]
[SourceTitle "playchess.com"]
[Source "ChessBase"]
[SourceQuality "1"]
[WhiteTeam "Nice Alekhine"]
[BlackTeam "Saint Quentin"]

{[%evp 14,148,23,18,22,20,0,5,0,7,29,-6,-13,-14,-6,-8,0,0,20,0,0,0,0,0,0,0,0,0,0,0,0,0,0,-3,0,-38,-33,-79,-95,-152,-154,-111,-95,-106,-81,-149,-71,-79,-72,-202,-195,-203,-200,-205,-197,-204,-197,-192,-189,-202,-186,-338,-135,-127,-126,-136,-100,-106,-103,-112,-116,-162,-66,-141,-173,-160,0,-68,-66,-66,-66,-66,-66,-66,-64,-70,-28,-27,0,0,0,-184,-185,-181,-186,-186,-176,-176,-176,-106,0,0,0,0,0,0,0,0,0,0,0,0,0,0,0,0,0,0,0,0,96,105,136,0,0,0,0,0,0,0,0,0,0,0,0,0,0]} 1. e4 e6 2. d4 d5 3. e5 c5 4. c3 Qb6 5. Nf3 Nc6 6. a3 Nh6 7. Bd3 cxd4 8. cxd4 Bd7 {C02: French: Advance Variation} (8... Nf5 9. Bxf5 exf5 10. Nc3 Be6 11. O-O Be7 12. Na4 Qd8 13. b4 b6 14. Be3 Rc8 15. Nb2 g5 16. Nd3 f4 17. Bc1 Qd7 18. Bb2 Nd8 19. Re1 Bf5 {½-½ (57) Hracek,Z (2594)-Fridman,D (2597) Germany 2016}) 9. Bc2 g5 10. h3 Nf5 11. Bxf5 $1 exf5 12. Bxg5 $146 ({Predecessor:} 12. Nc3 h6 13. Nxd5 Qa5+ 14. Nc3 O-O-O 15. Be3 f4 16. Bd2 Be6 17. b4 {½-½ (25) Talos,D (2178)-Oprisor,R (2396) ICCF email 2010}) 12... Qxb2 13. Nbd2 $1 Qb5 14. a4 $132 {[%mdl 2048] White puts up resistance} Qa6 {And now ...Nb4 would win.} 15. Qe2 $1 Qxe2+ 16. Kxe2 Rg8 17. Nb3 Nd8 {[%cal Bc6d8,Bd8e6,Be6g5,Bg5h3][%mdl 32]} 18. g3 Ne6 19. Be3 b5 20. a5 b4 21. Kd2 Rc8 22. Rhc1 Rc4 23. Nh4 Ng5 24. Ng2 {Threatening Bxg5.} (24. Bxg5 $5 Rxg5 25. Ng2 $11) 24... Nxh3 25. a6 Rg6 26. Ne1 ({Better is} 26. Nc5) 26... Rxc1 $17 27. Kxc1 Bb5 28. Ra5 Bc4 29. Nd2 ({White should play} 29. Nc5) 29... Bh6 (29... Be2 $142 $1 30. Rxd5 Rxa6) 30. Nc2 b3 31. Bxh6 (31. Na3 $17) 31... Rxh6 $19 (31... Nxf2 32. Bf4 $17) 32. Ne3 Nxf2 33. Ndxc4 dxc4 34. Nxc4 {[%mdl 4096] Endgame KRN-KRN} Rc6 35. Ra4 {intending Kb2.} Nd3+ 36. Kd2 b2 37. Kc2 $2 (37. Na3 {was the only defense.} Nf2 38. d5) 37... f4 $2 (37... h5 $19 {is more deadly.} 38. d5 Rc5) 38. gxf4 $17 h5 39. Kb1 h4 (39... Nxf4 40. Nd6+ Kd7 41. Ra3 $17) 40. Ra3 Nf2 $1 (40... Rxc4 $6 41. Rxd3 Rb4 42. Rh3 $11) 41. Rf3 {Threatens to win with Nd6+.} ({Wrong is} 41. Nd6+ $2 Kd7 $19) 41... Nd1 42. Nd2 Rc1+ ({Don't do} 42... Rxa6 43. Kc2 $15) 43. Ka2 Rc2 $1 {[%cal Rc2d2]} 44. Ne4 Rc1 (44... Kf8 $17 45. d5 Rc4) 45. Nd2 $15 Ra1+ 46. Kb3 b1=Q+ 47. Nxb1 Rxb1+ {KRN-KR} 48. Kc2 Ra1 {...Nf2! is the strong threat.} 49. Rh3 Nf2 50. Rxh4 Rxa6 51. f5 Ra5 52. Kc3 $2 (52. Rh8+ $11 {and White has nothing to worry.} Kd7 53. Rb8) 52... Ra3+ $1 $19 53. Kc4 Rh3 $1 {[%cal Rh3h4]} 54. Rf4 Nd1 $1 55. Kc5 Rc3+ 56. Kd5 Ne3+ (56... Rd3 $17 {White must now prevent ...Ke7.} 57. Kc4 Rg3) 57. Ke4 $11 Nc4 58. Rh4 Re3+ 59. Kf4 Rd3 60. Ke4 Re3+ 61. Kf4 Re1 62. Rh8+ Kd7 63. Rf8 a5 (63... Ke7 $5 {[%cal Re7f8]} 64. Rb8 f6 $11) 64. Rxf7+ Kc6 65. f6 Kd5 66. Rd7+ Kc6 {[#]} (66... Ke6 $1 $11 67. Re7+ Kd5) 67. Rd8 $1 $16 {[%mdl 1024] Strongly threatening Kf5. White has strong compensation.} a4 {[#]} 68. Rc8+ ({White must play} 68. Kg3 $1 $16 Rg1+ 69. Kf2) 68... Kd5 $11 {The position is equal.} 69. Kg3 {aiming for f7.} Rf1 ({Don't blunder} 69... Kxd4 $2 70. f7 $18) 70. Rd8+ Ke6 71. Re8+ Kd5 72. Rd8+ Ke6 73. Re8+ Kd5 (73... Kf7 $5 {[%cal Rf7e8]} 74. Re7+ Kf8 $11) 74. Rd8+ Ke6 {Precision: White = 66%, Black = 73%.} 1/2-1/2

[Event "Top 12 FRA-chT 2017"]
[Site "Chartres"]
[Date "2017.05.21"]
[Round "4"]
[White "Van Foreest, Jorden"]
[Black "Naiditsch, Arkadij"]
[Result "1-0"]
[WhiteElo "2595"]
[BlackElo "2700"]
[Annotator "TA"]
[PlyCount "76"]
[EventDate "2017.??.??"]
[EventType "team-tourn"]
[EventCountry "FRA"]
[SourceTitle "playchess.com"]
[Source "ChessBase"]
[SourceQuality "1"]
[WhiteTeam "Clichy"]
[BlackTeam "Bischwiller"]

{[%evp 20,76,18,15,35,26,15,33,15,25,16,22,19,17,9,12,23,6,50,33,78,87,68,77,50,29,115,129,120,114,120,102,90,91,135,138,198,201,354,331,409,353,343,329,315,243,330,236,396,217,304,197,582,583,857,612,587,384,1645]} 1. e4 e6 2. d4 d5 3. Nc3 Nf6 4. e5 Nfd7 5. f4 c5 6. Nf3 a6 7. Be3 Qb6 8. Na4 Qa5+ 9. c3 cxd4 10. b4 Qc7 11. Qxd4 {LiveBook: 64 Games} Nc6 {C11: French: Classical System: 4 e5 and 4 Bg5 dxe4} 12. Qd2 $1 Be7 13. Bd3 b5 {White is slightly better.} 14. Nb2 a5 {[%cal Ra5b4]} 15. O-O (15. Nd4 axb4 16. Nxb5 Qb8 17. c4 b3 18. O-O d4 19. Nxd4 Nxd4 20. Bxd4 bxa2 {0-1 (58) Brkic,A (2553)-Sedlak,N (2523) Mali Losinj 2017}) 15... axb4 16. cxb4 Bxb4 17. Qe2 Ra3 18. Rfc1 Qb7 19. Nd1 {[%mdl 1024] Black must now prevent Rab1. White has compensation.} Ra5 $146 20. Qc2 Ndb8 21. Nd4 {[%cal Rd4c6]} Bd7 22. Nb3 $36 {[%mdl 2048] White has good play.} Ra3 (22... Ra4 $11) 23. Nc5 $16 Bxc5 24. Bxc5 b4 25. Rab1 Na6 26. Bd6 h5 27. Kh1 Nd4 (27... Qb6 $16) 28. Qd2 $18 Nc6 $2 (28... Rxd3 {was called for.} 29. Qxd3 Nf5 30. Bxb4 Nxb4) 29. f5 exf5 30. Qg5 Rxd3 31. Qxg7 {[%cal Rg7h8] [#]} Be6 32. Qxh8+ Kd7 33. Qxh5 Rd2 $2 (33... d4 34. Qg5 Ra3) 34. a3 (34. Qg5 $142 f4 35. Qxf4 Rxa2 {[#]} 36. Nc3 $1 {[%mdl 512]}) 34... b3 (34... d4 $142 35. Qg5 Re2) 35. Qf3 b2 $2 (35... Na5 36. Rb2 Rd4) 36. Qc3 Re2 37. Rxb2 Rxb2 38. Qxb2 Qa7 $2 {Precision: White = 61%, Black = 30%.} (38... Qxb2 39. Nxb2 f6) 1-0

[Event "Top 12 FRA-chT 2017"]
[Site "Chartres"]
[Date "2017.05.21"]
[Round "4"]
[White "Baklan, Vladimir"]
[Black "Cornette, Matthieu"]
[Result "1/2-1/2"]
[WhiteElo "2594"]
[BlackElo "2593"]
[Annotator "TA"]
[PlyCount "38"]
[EventDate "2017.??.??"]
[EventType "team-tourn"]
[EventCountry "FRA"]
[SourceTitle "playchess.com"]
[Source "ChessBase"]
[SourceQuality "1"]
[WhiteTeam "Strasbourg"]
[BlackTeam "Bois-Colombes"]

{[%evp 12,38,24,28,30,14,24,2,2,-13,10,0,0,3,15,-9,-9,-42,-27,-20,-22,-25,-38,-43,-22,-62,-19,-18,-16]} 1. e4 c5 2. Nf3 Nc6 3. Bb5 g6 4. O-O Bg7 5. Re1 Nf6 {[%cal Bg8f6,Bf6e8,Be8c7,Bc7b5][%mdl 32]} 6. Bxc6 dxc6 7. d3 O-O {B31: Sicilian: 2...Nc6 3 Bb5 g6} 8. Bd2 Ne8 $146 ({Predecessor:} 8... Nd7 9. Qc1 Re8 10. a4 a5 11. e5 Nf8 12. Bh6 Bg4 13. Bxg7 Kxg7 14. Nfd2 b6 15. Ne4 {1-0 (74) Baklan,V (2619)-Frolyanov,D (2534) Trieste 2016}) 9. Bc3 f6 10. a3 a5 11. Nbd2 {[%cal Bb1d2,Bd2c4,Bc4b6][%mdl 32]} Nc7 12. Nc4 Nb5 13. Bd2 a4 14. c3 Qxd3 15. Nb6 Ra6 $1 {[%cal Ra6b6]} 16. Nxa4 b6 17. b3 Qd8 18. Qe2 Be6 19. c4 Nd4 {Precision: White = 28%, Black = 64%.} 1/2-1/2

[Event "Top 12 FRA-chT 2017"]
[Site "Chartres"]
[Date "2017.05.21"]
[Round "4"]
[White "Donchenko, Alexander"]
[Black "Stephan, Victor"]
[Result "1-0"]
[WhiteElo "2563"]
[BlackElo "2365"]
[Annotator "TA"]
[PlyCount "77"]
[EventDate "2017.??.??"]
[EventType "team-tourn"]
[EventCountry "FRA"]
[SourceTitle "playchess.com"]
[Source "ChessBase"]
[SourceQuality "1"]
[WhiteTeam "Vandoeuvre"]
[BlackTeam "Lisieux"]

{[%evp 9,77,-9,22,25,25,-6,38,31,21,-2,29,0,20,28,28,19,25,12,20,22,33,0,33,34,23,26,41,8,12,-2,162,147,166,156,144,146,144,151,163,113,182,177,259,255,266,257,262,261,370,246,252,242,272,272,358,356,357,356,365,341,418,424,421,414,29941,29942,29946,10283,6207,6179]} 1. Nf3 b6 2. d4 Bb7 3. c4 f5 (3... e6 4. g3 Bxf3 5. exf3 Bb4+ 6. Nd2 Ne7 7. a3 Bxd2+ 8. Bxd2 d5 9. b3 O-O 10. Bg2 dxc4 11. bxc4 Qxd4 12. O-O Nbc6 13. Qc2 {0-1 (26) Romanov,E (2619)-Morozevich,A (2683) Sochi 2016}) 4. Nc3 Nf6 5. d5 g6 6. Bg5 $146 {A40: Unusual replies to 1 d4} (6. e4 $5) ({Predecessor:} 6. g3 Bg7 7. Bg2 O-O 8. O-O Na6 9. Nd4 Nc5 10. b3 e5 11. Nf3 Nfe4 12. Bb2 d6 13. Qc2 a5 14. Nxe4 Nxe4 15. Nd2 {½-½ (15) Serov,M (2171)-Rozanov,P (2280) St Petersburg 2004}) 6... Bg7 7. Qd2 O-O 8. h4 {White is slightly better.} Qe8 9. Bh6 (9. Bxf6 $5 Rxf6 10. e4 $11) 9... Na6 10. h5 {Threatens to win with Bxg7.} gxh5 11. Bxg7 Kxg7 12. Qf4 e6 {[%cal Re6d5]} 13. e3 Kh8 14. Be2 Qe7 15. O-O-O Nc5 16. dxe6 (16. Qxc7 exd5 17. Nd4 (17. Nxd5 $2 Bxd5 18. Qf4 Rac8 $19) (17. cxd5 Rac8 $17) 17... dxc4 $11) 16... dxe6 17. Ne5 Rad8 18. Rd4 Qg7 ({But not} 18... Bxg2 $2 19. Qh6 $1 $18 {[%mdl 512]}) 19. Bxh5 {And now Nf7+! would win.} (19. f3 {seems wilder.} Rg8 20. Bf1 Rdf8 21. Nb5 a6 22. Nc3) 19... Nxh5 $2 (19... Qxg2 $2 20. Rh2 $16) (19... Rxd4 $11 {and Black has nothing to worry.} 20. exd4 Nfd7) 20. Rxh5 $18 Rxd4 21. exd4 Nd7 22. Nxd7 Qxd7 23. Ne2 Rg8 24. g3 Qg7 {[#]} (24... Rg7 $16 {keeps fighting.}) 25. Qe3 $1 c5 (25... Rf8 $142 26. Nf4 (26. Qxe6 Bf3 $16) 26... Bc8) 26. dxc5 bxc5 27. Qxe6 Bf3 28. Rh4 ({Weaker is} 28. Rxf5 Bg4 $14) 28... Bg4 (28... Bxe2 $142 29. Qxe2 a5) 29. Qe3 Bxe2 30. Qxe2 {[%mdl 4096] Endgame KQR-KQR} Rb8 31. Rf4 Qf6 32. g4 {[%cal Bg3g4,Bg4f5][%mdl 32]} Rf8 33. Rxf5 Qh6+ 34. Qd2 Qh1+ 35. Qd1 Qxd1+ 36. Kxd1 Rxf5 (36... Rc8 $18 37. Kd2 Kg7) 37. gxf5 a5 38. Ke2 (38. Kd2 $142 Kg7 39. Ke3 Kf6 40. Ke4 a4 41. Kf4 Kf7 42. Kg5 Kg7 43. f6+ Kf7 44. Kf5) 38... Kg7 39. Kf3 {Precision: White = 67%, Black = 43%.} 1-0

[Event "Top 12 FRA-chT 2017"]
[Site "Chartres"]
[Date "2017.05.21"]
[Round "4"]
[White "Dorfman, Iossif"]
[Black "Ouakhir, Pierre Mehdi"]
[Result "1/2-1/2"]
[WhiteElo "2560"]
[BlackElo "2277"]
[Annotator "TA"]
[PlyCount "68"]
[EventDate "2017.??.??"]
[EventType "team-tourn"]
[EventCountry "FRA"]
[SourceTitle "playchess.com"]
[Source "ChessBase"]
[SourceQuality "1"]
[WhiteTeam "Grasse Echecs"]
[BlackTeam "Montpellier"]

{[%evp 18,68,48,29,25,36,51,32,30,25,25,20,18,18,18,20,23,0,0,0,0,0,0,0,0,0,28,28,28,28,28,28,29,33,34,34,35,35,35,0,35,12,12,13,19,18,15,13,27,6,6,6,6]} 1. d4 d5 2. Nf3 Nf6 3. c4 e6 4. g3 c6 5. Nbd2 Nbd7 6. Bg2 Bd6 7. O-O O-O 8. Re1 Re8 9. e4 dxe4 10. Nxe4 Nxe4 {E01: Catalan: Early deviations} 11. Rxe4 e5 12. dxe5 (12. Bg5 $5 {[%cal Rg5d8]} f6 13. c5 $14) 12... Nxe5 {White is slightly better.} 13. Nxe5 (13. Bf4 Nxf3+ 14. Qxf3 Rxe4 15. Qxe4 Bxf4 16. Qxf4 Be6 {½-½ (16) Stefkovic,M (2133)-Moloney,N (2227) Goch 2010}) 13... Bxe5 14. Qxd8 Rxd8 15. Bg5 $1 {[%cal Rg5d8]} ({But not} 15. Rxe5 $2 Rd1+ 16. Bf1 Bh3 $19) 15... Bf6 $146 ({Predecessor:} 15... f6 16. Rxe5 fxe5 17. Bxd8 {1-0 (53) Pence,M-Walker,D Detroit 1992}) 16. Bxf6 gxf6 17. b4 Be6 18. b5 Rac8 19. Rf4 Kg7 20. bxc6 bxc6 21. c5 Bd5 22. Rg4+ Kf8 23. Ra4 Bxg2 24. Kxg2 $11 {[%mdl 4096] Endgame KRR-KRR} Rc7 25. Rc1 Rd5 26. Rc3 Kg7 27. Rg4+ Kf8 28. Ra4 Kg7 29. Rca3 Rxc5 30. Rxa7 Rxa7 31. Rxa7 Rc3 32. a4 {[%cal Ba2a4,Ba4a5][%mdl 32]} c5 33. a5 c4 34. a6 Ra3 {Precision: White = 57%, Black = 81%.} 1/2-1/2

[Event "Top 12 FRA-chT 2017"]
[Site "Chartres"]
[Date "2017.05.21"]
[Round "4"]
[White "David, Alberto"]
[Black "Palac, Mladen"]
[Result "1-0"]
[WhiteElo "2548"]
[BlackElo "2573"]
[Annotator "TA"]
[PlyCount "67"]
[EventDate "2017.??.??"]
[EventType "team-tourn"]
[EventCountry "FRA"]
[SourceTitle "playchess.com"]
[Source "ChessBase"]
[SourceQuality "1"]
[WhiteTeam "Saint Quentin"]
[BlackTeam "Nice Alekhine"]

{[%evp 22,67,4,-11,-11,-11,-13,-7,-14,-9,-6,-9,-8,-13,0,-8,-5,-8,-2,-64,-67,-74,-64,-97,-90,-107,-11,0,-11,-119,-12,-34,0,0,315,309,305,309,310,312,342,306,1124,1114,1114,1081,29990,820]} 1. e4 c5 2. Nf3 d6 3. Bb5+ Nd7 4. c3 Ngf6 5. Qe2 a6 6. Ba4 b5 7. Bc2 Bb7 {B51: Sicilian: Moscow Variation (3 Bb5+) without 3...Bd7} 8. d4 e6 9. O-O Be7 10. Re1 O-O 11. Nbd2 Qc7 (11... cxd4 12. cxd4 Rc8 13. Nf1 Qc7 14. Bd3 e5 15. Ng3 exd4 16. Nxd4 {½-½ (54) Balogh,C (2621)-Navara,D (2737) Slovakia 2017}) 12. Nf1 {LiveBook: 7 Games} Rfc8 13. Bd3 cxd4 14. cxd4 e5 15. Ng3 exd4 16. Nxd4 {[#]} Re8 $146 ({Predecessor:} 16... g6) 17. Bf4 Bf8 18. Rac1 Qb6 19. Ndf5 Nc5 20. Qf3 ({White should try} 20. Be3 $11 g6 21. Bd4) 20... d5 $1 $15 {[%cal Rd5e4,Bd6d5,Bd5d4][%mdl 32]} ({Much worse is} 20... Nxd3 21. Qxd3 Ng4 22. Ne3 $11) 21. e5 {[#]} d4 $1 (21... Nxd3 22. Qxd3 Ne4 23. Nxe4 $16) 22. Qd1 {[#]} Nd5 $1 {[%cal Bf6d5,Bd5b4,Bb4a2][%mdl 32]} 23. Bg5 Nxd3 (23... f6 $17 24. Rxc5 Qxc5) 24. Qxd3 $11 Nb4 25. Qd1 (25. Qd2 $1 $11 {keeps the balance.}) 25... Qg6 (25... Nxa2 $17 26. Qg4 g6) 26. Bf4 Nxa2 27. Rc7 Qb6 $2 {[%mdl 8192]} (27... Bd5 $1 $11 {and Black stays safe.}) 28. e6 $1 $18 {[%cal Re6f7]} Rxe6 29. Rxe6 Qxe6 30. Rxb7 Rd8 31. Bg5 Rd5 $2 (31... Re8 32. Qf3 (32. Nxd4 Qd5 $11) 32... Nb4 33. Nxd4 Qd5 34. Qxd5 Nxd5) 32. Ne7+ Bxe7 33. Rxe7 ({Not} 33. Bxe7 h6 $18) 33... Qc6 34. Qc2 {Precision: White = 47%, Black = 48%.} (34. Qf3 $142 Qe6 35. Qxd5 Qxe7 36. Bxe7 h6 37. Qxa2 d3 38. Nh5 a5 39. Qxa5) 1-0

[Event "Top 12 FRA-chT 2017"]
[Site "Chartres"]
[Date "2017.05.21"]
[Round "4"]
[White "Le Roux, Jean-Pierre"]
[Black "Delorme, Axel"]
[Result "1/2-1/2"]
[WhiteElo "2538"]
[BlackElo "2514"]
[Annotator "TA"]
[PlyCount "89"]
[EventDate "2017.??.??"]
[EventType "team-tourn"]
[EventCountry "FRA"]
[SourceTitle "playchess.com"]
[Source "ChessBase"]
[SourceQuality "1"]
[WhiteTeam "Bischwiller"]
[BlackTeam "Clichy"]

{[%evp 15,89,13,37,11,6,6,6,6,10,6,12,0,2,-6,2,0,0,-4,-5,0,12,10,18,13,11,0,20,22,26,15,16,16,23,11,100,84,399,399,396,379,352,364,277,234,214,55,41,54,38,40,62,36,42,0,0,0,0,0,0,0,0,0,0,0,0,0,0,0,0,0,0,-35,-14,-60,-50,-45]} 1. Nf3 Nf6 2. d4 e6 3. Bf4 b6 4. e3 Be7 5. h3 O-O 6. Nbd2 {A47: 1 d4 Nf6 2 Nf3 b6: Torre, London and Colle Systems} c5 7. c3 (7. a4 d5 8. c3 Nc6 9. Bd3 Bb7 10. O-O Bd6 11. Bg5 h6 12. Bh4 {½-½ (40) Kamsky,G (2676)-Vitiugov,N (2731) Sochi 2017}) 7... cxd4 8. exd4 d6 {LiveBook: 15 Games} 9. Be2 Ba6 10. O-O Bxe2 11. Qxe2 Nc6 $146 ({Predecessor:} 11... Nbd7) 12. Rfe1 Qd7 13. Rad1 b5 14. Nf1 Nd5 15. Bd2 Rab8 16. Ne3 Nxe3 17. fxe3 b4 18. c4 d5 19. Rc1 f5 20. Rc2 b3 21. axb3 Rxb3 22. cxd5 Qxd5 23. Rec1 Rb6 24. Qc4 $36 {[%mdl 2048] And now Qxd5 would win. White has some pressure.} Qe4 (24... Nb4 $11 {remains equal.} 25. Bxb4 Bxb4) 25. Qa4 $1 $16 {[%cal Rc2c6]} Nb4 $2 {[%mdl 8192]} (25... Nd8 $16) 26. Rc8 $18 {Hoping for Rxf8+.} Nd3 27. Rxf8+ Bxf8 {[#]} 28. Rc8 $1 {White threatens Qe8 and mate.} Qb7 29. Qe8 {[%csl Gc8][%cal Re8f8]} Qf7 {[#]} 30. Bc3 $2 (30. Qxf7+ $1 $18 Kxf7 31. Rc3 Nxb2 32. Ne5+ Kg8 33. Rc8) 30... Qxe8 $14 31. Rxe8 Kf7 32. Ra8 Ra6 33. Kf1 Bd6 34. Ke2 Nxb2 $1 35. Bxb2 {Black must now prevent Nd2.} Ra2 36. Kd3 {aiming for Kc3.} Rxb2 37. Rxa7+ $11 {[%mdl 4096] Endgame KRB-KRN} Kf6 38. Nd2 Bb4 39. Nc4 Rxg2 40. Ne5 {Strongly threatening Rf7+.} Be7 41. Nd7+ Kf7 42. Ne5+ Kf6 43. Nc6 Bd6 {Black wants to play ...Rg3.} 44. Rd7 Bh2 45. h4 {Precision: White = 55%, Black = 55%.} 1/2-1/2

[Event "Top 12 FRA-chT 2017"]
[Site "Chartres"]
[Date "2017.05.21"]
[Round "4"]
[White "Rozentalis, Eduardas"]
[Black "Laznicka, Viktor"]
[Result "1/2-1/2"]
[WhiteElo "2535"]
[BlackElo "2672"]
[Annotator "TA"]
[PlyCount "28"]
[EventDate "2017.??.??"]
[EventType "team-tourn"]
[EventCountry "FRA"]
[SourceTitle "playchess.com"]
[Source "ChessBase"]
[SourceQuality "1"]
[WhiteTeam "Strasbourg"]
[BlackTeam "Bois-Colombes"]

{[%evp 20,28,53,42,55,51,41,43,50,63,44]} 1. e4 c5 2. Nf3 Nc6 3. Bb5 d6 4. O-O Bd7 5. Re1 Nf6 6. h3 a6 7. Bf1 g5 {B51: Sicilian: Moscow Variation (3 Bb5+) without 3...Bd7} 8. d4 g4 9. d5 gxf3 10. dxc6 Bxc6 11. Qxf3 {LiveBook: 3 Games. White is slightly better.} Nd7 12. Nc3 ({Reject} 12. Bc4 Ne5 $15) 12... Bg7 13. Qg3 $146 ({Predecessor:} 13. Nd5 Ne5 14. Qh5 Bxd5 15. exd5 {½-½ (59) Chadaev,N (2471)-Akopian,V (2700) Moscow 2008}) 13... Be5 14. Bf4 Bxf4 1/2-1/2

[Event "Top 12 FRA-chT 2017"]
[Site "Chartres"]
[Date "2017.05.21"]
[Round "4"]
[White "Kveinys, Aloyzas"]
[Black "Stevic, Hrvoje"]
[Result "1/2-1/2"]
[WhiteElo "2520"]
[BlackElo "2600"]
[Annotator "TA"]
[PlyCount "70"]
[EventDate "2017.??.??"]
[EventType "team-tourn"]
[EventCountry "FRA"]
[SourceTitle "playchess.com"]
[Source "ChessBase"]
[SourceQuality "1"]
[WhiteTeam "Saint Quentin"]
[BlackTeam "Nice Alekhine"]

{[%evp 18,70,36,0,4,-11,0,-28,-31,-62,-72,-54,-67,-81,-54,-60,-61,-59,-58,-56,-50,-41,-47,-48,-20,-33,0,0,-6,-50,-54,-74,-59,-186,-169,-202,-195,-204,-210,-200,-188,-167,-52,-54,-43,-46,-14,-29,-17,-40,0,0,0,-20,0]} 1. e4 e5 2. Nf3 Nc6 3. Bb5 a6 4. Ba4 d6 5. c3 Bd7 6. O-O g6 7. d4 Bg7 8. d5 Nce7 9. Bxd7+ {C76: Ruy Lopez: Deferred Steinitz: 5 c3 Bd7 6 d4 g6} Qxd7 10. Be3 {LiveBook: 4 Games} (10. c4 h6 11. Nc3 f5 12. Ne1 Nf6 13. f3 O-O 14. Nd3 g5 15. exf5 Qxf5 16. Nf2 b5 17. Qe2 c6 18. Nfe4 Nxe4 19. Nxe4 bxc4 20. Nxd6 {0-1 (53) Gopal,G (2579)-Caruana,F (2827) Caleta 2017}) 10... Nf6 11. Nfd2 Ng4 12. Bg5 f6 13. Bh4 g5 14. Bg3 f5 $146 ({Predecessor:} 14... O-O 15. c4 f5 16. exf5 Qxf5 {½-½ (46) Vyprachticky,D (2133)-Alfimov,I (2008) Czechia 2014}) 15. exf5 Nf6 16. c4 {[%cal Bc3c4,Bc4c5][%mdl 32]} Nxf5 17. Nc3 h5 18. h3 g4 {Hoping for ...gxh3.} 19. h4 $1 O-O 20. Re1 Qe7 21. c5 Ne8 22. Qb3 Rb8 23. Nc4 Bf6 (23... dxc5 $6 24. Nxe5 Ned6 25. Ng6 $16) (23... Nxg3 24. fxg3 Kh8 25. Ne4 $14) 24. Rad1 Bxh4 25. Nxe5 ({White should try} 25. Bxh4 $15 Nxh4 26. Ne4) 25... Bxg3 $19 ({Worse is} 25... dxe5 26. Rxe5 Qf7 27. Rxf5 $1 $18 {[%mdl 512]}) (25... Nxg3 26. Ng6 $11) 26. fxg3 {aiming for Nc6.} dxe5 27. d6+ Qf7 28. Qxf7+ Kxf7 29. dxc7 {[#]} Nxc7 (29... Rc8 $1 $19 30. Rxe5 Nxg3) 30. Rd7+ $15 Ke6 31. Rxc7 Rfc8 32. Rh7 Rh8 ({Much worse is} 32... Nxg3 $6 33. Rh6+ Kf7 34. Kh2 $16 (34. Rxe5 Rc6 $11)) 33. Rc7 Rhc8 34. Rh7 Rh8 35. Rc7 Rhc8 {Precision: White = 54%, Black = 61%.} 1/2-1/2